[Event "IHEM 2000"]
[Site "Hamburg"]
[Date "2000.06.18"]
[Round "9.14"]
[White "Trabert, Bettina"]
[Black "Laqua, Christian"]
[Result "1/2-1/2"]
[WhiteElo "2273"]
[BlackElo "2246"]
[PlyCount "89"]
[EventDate "2000.06.18"]

1. e4 e6 2. d4 d5 3. Nd2 dxe4 4. Nxe4 Bd7 5. Nf3 Bc6 6. Bd3 Nd7 7. O-O Ngf6 8.
Ng3 Be7 9. b3 O-O 10. Bb2 Bxf3 11. Qxf3 c6 12. c4 Re8 13. Rad1 Qc7 14. Rfe1
Rad8 15. Bc2 Bd6 16. Kh1 c5 17. dxc5 Bxc5 18. Ne4 Be7 19. Qh3 h6 20. Qc3 b6 21.
h3 Nc5 22. Nxc5 Qxc5 23. Qf3 a5 24. Kg1 Kf8 25. Rxd8 Rxd8 26. Rd1 Rxd1+ 27.
Qxd1 Qd6 28. Qxd6 Bxd6 29. Kf1 Nd7 30. Ke2 e5 31. f3 Ke7 32. h4 h5 33. Be4 g6
34. Bc6 Nc5 35. Ke3 Ne6 36. g4 Nf4 37. Ke4 f6 38. gxh5 Nxh5 39. Bc3 Ng3+ 40.
Kd3 Nf5 41. Be1 Bb4 42. Bf2 Bc5 43. Be1 Bb4 44. Bf2 Bc5 45. Be1 {(=)} 1/2-1/2

[Event "IHEM 2000"]
[Site "Hamburg"]
[Date "2000.06.18"]
[Round "9.15"]
[White "Engelbert, Christoph"]
[Black "Meier, David-Geffrey"]
[Result "1-0"]
[WhiteElo "2209"]
[BlackElo "2079"]
[PlyCount "81"]
[EventDate "2000.06.18"]

1. e4 e6 2. d4 d5 3. exd5 exd5 4. Nf3 Bd6 5. c4 c6 6. Nc3 Ne7 7. c5 Bc7 8. Bd3
O-O 9. O-O h6 10. Ne2 Nd7 11. Ng3 Re8 12. b4 a6 13. a4 Nf8 14. Be3 Neg6 15. Re1
Bg4 16. h3 Be6 17. Qd2 Bxg3 18. fxg3 Qd7 19. g4 f6 20. b5 axb5 21. axb5 Bf7 22.
b6 Rxa1 23. Rxa1 Ne7 24. Nh4 g5 25. Nf3 Bg6 26. Bf1 Be4 27. Bf2 Nfg6 28. Bg3 f5
29. gxf5 Bxf5 30. Ra7 Nc8 31. Ra8 Nd6 32. Rxe8+ Nxe8 33. h4 Nf6 34. Qa2 Ne4 35.
Ne5 Nxe5 36. Bxe5 Kh7 37. Qa7 gxh4 38. Ba6 h3 39. Qxb7 hxg2 40. Qxd7+ Bxd7 41.
b7 1-0

[Event "IHEM 2000"]
[Site "Hamburg"]
[Date "2000.06.18"]
[Round "9.16"]
[White "Maahs, Erich"]
[Black "Hegeler, Frank"]
[Result "1/2-1/2"]
[WhiteElo "2195"]
[BlackElo "2347"]
[PlyCount "79"]
[EventDate "2000.06.18"]

1. e4 c5 2. Bc4 Nc6 3. Nf3 g6 4. d3 Bg7 5. Nc3 Na5 6. Be3 Nxc4 7. dxc4 b6 8.
Qd3 Bb7 9. O-O-O Nf6 10. Rd2 O-O 11. h4 h5 12. Nh2 d6 13. f3 a6 14. g4 b5 15.
Bg5 Nd7 16. Nd5 bxc4 17. Qxc4 Bxd5 18. exd5 Rb8 19. c3 Ne5 20. Qe4 f5 21. gxf5
gxf5 22. Qe2 Qa5 23. a3 c4 24. Rg1 Nd3+ 25. Rxd3 cxd3 26. Qe6+ Kh7 27. Bxe7
Bh6+ 28. Kb1 Rxb2+ 29. Kxb2 Qb6+ 30. Ka2 Qxg1 31. Bxf8 Qxh2+ 32. Kb3 Bxf8 33.
Qxf5+ Kg8 34. Qg6+ Bg7 35. Qe8+ Bf8 36. Qg6+ Bg7 37. Qe8+ Bf8 38. Qg6+ Bg7 39.
Qe8+ Bf8 40. Qg6+ 1/2-1/2